[Event "LUX-ch U18"]
[White "Origer, Muriel"]
[Black "Mergeai, Christophe"]
[Site "Bonnevoie"]
[Round "4"]
[Result "1/2-1/2"]
[Date "2000.02.29"]
[WhiteElo "1380"]
[BlackElo "1566"]
[PlyCount "36"]
[EventDate "2000.02.26"]
[EventType "swiss"]
[EventRounds "7"]
[EventCountry "LUX"]
[SourceTitle "EXT 2005"]
[Source "ChessBase"]
[SourceDate "2004.11.15"]
[SourceVersion "1"]
[SourceVersionDate "2004.11.15"]
[SourceQuality "1"]

1. e4 e5 2. Nf3 Nc6 3. d4 exd4 4. Nxd4 Bc5 5. Nxc6 Qf6 6. Qe2 dxc6 7. Nc3 Ne7 8. Be3 Bxe3 9. Qxe3 Be6 10. Bd3 Ng6 11. g3 Ne5 12. f4 Nc4 13. Bxc4 Bxc4 14. 0-0-0 Qe6 15. Kb1 0-0 16. f5 Qe7 17. h4 Rfe8 18. g4 a5 1/2-1/2

[Event "LUX-ch U18"]
[White "Verlaine, Alex"]
[Black "Origer, Muriel"]
[Site "Bonnevoie"]
[Round "1"]
[Result "1-0"]
[Date "2000.02.26"]
[WhiteElo "1984"]
[BlackElo "1380"]
[PlyCount "79"]
[EventDate "2000.02.26"]
[EventType "swiss"]
[EventRounds "7"]
[EventCountry "LUX"]
[SourceTitle "EXT 2005"]
[Source "ChessBase"]
[SourceDate "2004.11.15"]
[SourceVersion "1"]
[SourceVersionDate "2004.11.15"]
[SourceQuality "1"]

1. e4 e5 2. f4 d6 3. Nf3 exf4 4. d4 f5 5. Nc3 Nf6 6. Bd3 fxe4 7. Nxe4 Nxe4 8. Bxe4 Qf6 9. 0-0 Be7 10. b3 c6 11. c4 Bf5 12. Bc2 0-0 13. Bb2 Bxc2 14. Qxc2 Qf5 15. Qe2 Qd7 16. Rae1 Bf6 17. Qe4 Bd8 18. Ba3 Bc7 19. Ng5 Qf5 20. Rxf4 Qxe4 21. Rxf8+ Kxf8 22. Rxe4 Na6 23. Ne6+ Kf7 24. Nxc7 Nxc7 25. Bxd6 Ne6 26. d5 Nd8 27. Rf4+ Ke8 28. Rf8+ Kd7 29. Be5 a5 30. Bxg7 a4 31. Bf6 axb3 32. axb3 cxd5 33. cxd5 Rc8 34. Rxd8+ Rxd8 35. Bxd8 Kxd8 36. Kf2 Kd7 37. Ke3 Kd6 38. Kd4 b5 39. b4 h6 40. g4 1-0